00530 2200181 4500001002100000005001500021008004100036020001800077035001900095041000700114082001500121090002100136100002600157245006100183260003300244300002600277650004500303INLIS00000000002560720241224131952241224||||||||| | ||| |||| || |  a979-757-145-9 0010-1224025607 aid0 aREF.342.02 aREF.342.02 SAN u0 aredaksi kawan pustaka00aDasar-dasar Indonesia : Dasar-dasar Pancasila dan UUD 45 aJakartabKawan Pustakac2006 aviii, 76 hlm.; 19 cm. 0aPendidikan Pancasila dan kewarganegaraan